000 00758nam a2200205 a 4500
008 060809s2006 ||||||||||||||||| || u
050 _aIBRD(08)PRWP/3867
100 _aFerreira, Francisco H. G
245 1 4 _aThe rise and fall of Brazilian inequality
246 _a1981- 2004
260 _aWashington, D .C
_bWorld Bank
_c2006
300 _a40p.;ill
350 _a0.00
490 _aWorld Bank policy research working papers
650 0 _aECONOMICS
650 _aINEQUALITY--RESEARCH--BRAZIL
650 _aINCOME DISTRIBUTION--RESEARCH--BRAZIL
700 _a[and others]
995 _D0.00
_FCBU-MAIN LIBRARY (Kitwe)
_H1
_I0.00
_M1
_UAVAILABLE
_WAug 9, 2006
_ZInternational Publications
999 _c56551
_d56551